00870nam a22002535a 450000500170000000800410001701000140005802000250007203500130009703700150011004000080012508200110013310000180014424500290016226000430019127000750023430000410030949000260035052001230037665100190049965100300051865100320054865100360058020081218014543.0081101s2008 ii a | b 00| 0 eng  aENG-92442 a9788123752624c50.00 aEN-75975 bDBAD / PUB aDPL a967.62 aGupta, Vijay  aKenya /cby Vijay Gupta  aNew Delhi bNational Book Trust c2008 aPlot No. 5, Institutional Area, Ph-II, Vasant KunjbNew Delhi e110070 avi, 192p.:c20cm (pbk)bcol. photos  aAfro-Asian countries  aCollection of lectures delivered on diverse aspects of Indian life and culture by various authors; festschrift volume. aKenyaxHistory aKenyaxSocial conditions. aKenyaxEconomic conditions. aKenyaxPolitics and government.